| 000 | 00579nam a2200181Ia 4500 | ||
|---|---|---|---|
| 008 | 090630s9999 xx 000 0 und d | ||
| 082 | _b28166 | ||
| 100 | _aपोरे सुरेश. | ||
| 245 |
_aमोगरा फुलला. _cपोरे सुरेश. |
||
| 260 |
_bसुदिन - पुणे. _c2001 |
||
| 300 | _a133 | ||
| 600 | _aपोरे सुरेश. | ||
| 630 | _aमोगरा फुलला. | ||
| 655 | _aलघुकथा. | ||
| 700 | _aपोरे सुरेश. | ||
| 730 | _aमोगरा फुलला. | ||
| 942 | _cBOOK | ||
| 999 |
_c280022 _d280022 |
||